01462nab a2200229 i 4500001001000000003001000010005001700020008004100037040003000078041000800108100003100116245006700147520068500214546002300899650001800922650002000940650002600960773017200986942000801158945004901166999001701215768714001CO-MdFUSB20240801145451.0240801t1992 -us||||| |||| 00| 0 eng d bspacCO-MdFUSBdCO-MdFUSB aeng aMcDonald, Ellen M.,eautor aMaryknoll's fifty years in Latin America c/ Ellen M. McDonald aLa reflexión sobre el año 1992, año en que se conmemora el quinto centenario de la llegada de los europeos a las costas americanas, ha suscitado un gran interés y un gran diálogo misionero. Esto se debe en gran medida a los "descubrimientos" realizados en el continente americano durante el último medio siglo, que han aumentado nuestra sensibilidad hacia las necesidades de todos los americanos, tanto del Norte como del Sur. En ningún otro lugar parece esto más cierto que en Maryknoll, Nueva York, sede de la organización católica de envío de misioneros fundada en los Estados Unidos que comenzó a enviar misioneros a América Latina en abril de 1942.  aTexto en inglés. 0aMisiones9154 7aMisioneros9931 0aEvangelización93620 049483982865oR2729tInternational Bulletinof Missionary Researchw(CO-MdFUSB)768714001x0272-6122gVolumen 16, (número 4, 1992), páginas: 154 - 156qpágina: 154 cANA aCatherine Arias Álvarez - Practicante SENA c70700d70700